| 000 | 00783nam a22002657a 4500 | ||
|---|---|---|---|
| 999 |
_c200431332 _d49544 |
||
| 003 | TR-AnTOB | ||
| 005 | 20201119095908.0 | ||
| 008 | 181101s2013 xxua|||| |||| 00| 0 eng d | ||
| 020 | _a9789526734316 | ||
| 040 |
_aTR-AnTOB _cTR-AnTOB |
||
| 041 | 0 | _aeng | |
| 050 | 1 | 4 |
_aDL1014 _b.H36 2013 |
| 090 |
_aDL1014 _b.H36 2013 |
||
| 100 | 1 |
_aHamunen, Paavo _9122441 |
|
| 245 | 1 | 0 |
_aSomewhere in Finland / _cPaavo Hamunen, Johannes Lahti. |
| 264 |
_aSaarijärvi : _bKirjakaari, _c2013. |
||
| 300 |
_a128 pages ; _c24 cm. |
||
| 336 |
_2rdacontent _btxt _atext |
||
| 337 |
_2rdamedia _bn _aunmediated |
||
| 338 |
_2rdacarrier _bnc _avolume |
||
| 651 | 7 |
_aFinlandiya _vResimli çalışmalar _2 _9122442 |
|
| 700 | 1 |
_aLahti, Johannes _9122443 |
|
| 942 |
_2lcc _cBK |
||